Đăng ký bất động sản : Những vấn đề lý luận và thực tiễn
Giới thiệu khái quát chung về đăng ký bất động sản, các quan niệm về bất động sản trong hệ thống pháp luật của một số nước trên thế giới, pháp luật của một số nước trên thế giới. Phân tích thực trạng pháp luật về đăng ký bất...
Shranjeno v:
| Glavni avtor: | |
|---|---|
| Format: | Knjiga |
| Jezik: | Undetermined |
| Izdano: |
Hà Nội
Chính trị Quốc gia
2011
|
| Teme: | |
| Oznake: |
Označite
Brez oznak, prvi označite!
|
| Thư viện lưu trữ: | Trung tâm Học liệu Trường Đại học Cần Thơ |
|---|
| LEADER | 01532nam a2200229Ia 4500 | ||
|---|---|---|---|
| 001 | CTU_173869 | ||
| 008 | 210402s9999 xx 000 0 und d | ||
| 020 | |c 35000 | ||
| 082 | |a 346.59704 | ||
| 082 | |b T502 | ||
| 100 | |a Nguyễn, Minh Tuấn | ||
| 245 | 0 | |a Đăng ký bất động sản : | |
| 245 | 0 | |b Những vấn đề lý luận và thực tiễn | |
| 245 | 0 | |c Nguyễn Minh Tuấn (Chủ biên) | |
| 260 | |a Hà Nội | ||
| 260 | |b Chính trị Quốc gia | ||
| 260 | |c 2011 | ||
| 520 | |a Giới thiệu khái quát chung về đăng ký bất động sản, các quan niệm về bất động sản trong hệ thống pháp luật của một số nước trên thế giới, pháp luật của một số nước trên thế giới. Phân tích thực trạng pháp luật về đăng ký bất động sản, thị trường bất động sản và vấn đề kinh doanh bất động sản ở Việt Nam. Trình bày trình tự, thủ tục đăng ký quyền sử dụng đất và quyền sở hữu tài sản gắn liền với đất; đăng ký giao dịch về quyền sử dụng đất và tài sản gắn liền với đất. | ||
| 650 | |a Real property,Bất động sản | ||
| 650 | |z Vietnam,Việt Nam | ||
| 904 | |i Nguyễn Trung Hiếu, Hải | ||
| 980 | |a Trung tâm Học liệu Trường Đại học Cần Thơ | ||